000 01072nac a22002171u 4500
008 100905t xxu||||| |||| 00| 0 eng d
010 _a92036415
020 _a0471513547
082 0 0 _a624.171
_bWES
100 _aWest, Harry H.,
_917959
245 1 0 _aFundamentals of Structural Analysis /
_cHarry H. West ; with supporting computer software by Louis F. Geschwindner.
260 _aNew York :
_bWiley,
_c1993.
300 _axviii, 698 p. :
_bill. ;
_c26 cm.
500 _aSystem requirements for computer disk: IBM-compatible PC; DOS.
504 _aIncludes bibliographical references and index.
650 0 _aStructural analysis (Engineering)
_917960
856 4 _3Table of Contents only
_uhttp://www.loc.gov/catdir/toc/onix06/92036415.html
856 4 _3Publisher description
_uhttp://www.loc.gov/catdir/enhancements/fy0607/92036415-d.html
942 _cBB
_k624.171 WES
_2ddc
999 _c978
_d978